[Event "AUTO-OPEN-1169"]
[Site "http://www.queenalice.com/game.php?id=420747"]
[Date "2008.6.20"]
[Round "1"]
[White "Brunao"]
[Black "DSRelva"]
[Result "1/2-1/2"]
[WhiteElo "1421"]
[BlackElo "1825"]

1. d4 d5 2. e3 Nf6 3. Nf3 Bg4 4. Nc3 e6 5. h3 Bf5 6. g4 Bg6 7. Qe2 Bb4 8. Qb5+
Nc6 9. Qxb7 Bxc3+ 10. bxc3 Ne7 11. Bb5+ Nd7 12. Ne5 Kf8 13. Nxd7+ Kg8 14. Ba3
Bxc2 15. O-O Be4 16. f3 Bg6 17. Bc6 Nxc6 18. Qxc6 h6 19. h4 f6 20. h5 Be8 21.
Qxe6+ Bf7 22. Qf5 c6 23. Bd6 Be8 24. Qe6+ Bf7 25. Qf5 Be8 26. Qe6+ Bf7 27. Qf5
1/2-1/2

[Event "AUTO-OPEN-1169"]
[Site "http://www.queenalice.com/game.php?id=420748"]
[Date "2008.6.20"]
[Round "1"]
[White "DSRelva"]
[Black "Brunao"]
[Result "1-0"]
[WhiteElo "1823"]
[BlackElo "1423"]

1. e4 e5 2. Nf3 Bd6 3. Bc4 Nf6 4. d3 O-O 5. Bg5 h6 6. Bh4 g5 7. Bg3 Nc6 8. Nc3
g4 9. Nh4 h5 10. Nf5 Bc5 11. Nh6+ Kg7 12. Nf5+ Kh8 13. Nh6 Ng8 14. Nxf7+ Rxf7
15. Bxf7 Nf6 16. Bh4 Qe7 17. Bg6 Qg7 18. Bxf6 Qxf6 19. Bf5 d6 20. Nd5 Qh4 21. g3
Qh3 22. Qd2 Qg2 23. Qh6+ Kg8 24. Qh7+ Kf8 25. Qh8+ Kf7 26. Qf6+ Ke8 27. Nxc7#
1-0

[Event "AUTO-OPEN-1169"]
[Site "http://www.queenalice.com/game.php?id=420761"]
[Date "2008.6.20"]
[Round "1"]
[White "DSRelva"]
[Black "neves"]
[Result "1-0"]
[WhiteElo "1819"]
[BlackElo "1461"]

1. e4 d5 2. exd5 Qxd5 3. Nc3 Qe6+ 4. Qe2 Qd6 5. Nf3 e6 6. d4 c5 7. d5 Nf6 8.
dxe6 fxe6 9. Be3 Nd5 10. Nxd5 exd5 11. Bxc5+ Qe6 12. Qxe6+ Bxe6 13. Bxf8 Rxf8
14. Bb5+ Bd7 15. Bxd7+ Nxd7 16. O-O-O Nf6 17. Rhe1+ Kd8 18. Ng5 Re8 19. Ne6+ Kd7
20. Nf4 Kd6 21. c4 Rxe1 22. Rxe1 dxc4 23. f3 Re8 24. Rxe8 Nxe8 25. Kc2 b5 26.
Kc3 a6 27. b3 Kc5 28. b4+ Kb6 29. a4 bxa4 30. Kxc4 Nc7 31. Nd3 Nb5 32. Nb2 a3
33. Na4+ Kc6 34. Nc3 Kb6 35. Nxb5 axb5+ 36. Kb3 h5 37. h4 g6 38. g4 Kc6 39. Kxa3
hxg4 40. fxg4 Kd5 41. h5 gxh5 42. gxh5 Ke6 43. Kb3 Kf6 44. Kc3 Kg5 45. Kd4 Kxh5
46. Kc5 Kg5 47. Kxb5 Kf5 48. Kb6 Ke5 49. Kc6 Kd4 50. b5 Kc4 51. b6 Kb4 52. b7
Ka5 53. Kc5 Ka6 54. b8=Q Ka5 55. Qa8# 1-0

[Event "AUTO-OPEN-1169"]
[Site "http://www.queenalice.com/game.php?id=420762"]
[Date "2008.6.20"]
[Round "1"]
[White "neves"]
[Black "DSRelva"]
[Result "0-1"]
[WhiteElo "1459"]
[BlackElo "1821"]

1. d4 d5 2. g4 Bxg4 3. f3 Bf5 4. c3 Nc6 5. Bg2 Nf6 6. b4 Bxb1 7. Rxb1 e5 8. f4
e4 9. e3 a6 10. a3 Bd6 11. h4 Qd7 12. Bh3 Qe7 13. Rb2 O-O 14. Ne2 b5 15. Ng3 g6
16. Rg2 Kh8 17. f5 Bxg3+ 18. Rxg3 Qd6 19. Rg2 Ne7 20. fxg6 fxg6 21. Bg4 Rg8 22.
Kd2 Rg7 23. Qg1 Nxg4 24. Rxg4 Rag8 25. h5 Qf6 26. h6 Rf7 27. Rf4 Nf5 28. Qg4 Qe6
29. Qg5 Nd6 30. Rxf7 Qxf7 31. Qf4 Qxf4 32. exf4 Nf5 33. Kc2 Re8 34. Be3 Nxe3+
35. Kd2 Nc4+ 36. Ke2 Nxa3 37. Rf1 Rf8 38. Rf2 Nb1 39. Ke1 Nxc3 40. Kd2 Na4 41.
Ke3 Rf5 42. Rg2 Rh5 43. Rg3 Rxh6 44. f5 gxf5 45. Rg5 Rh3+ 46. Kf4 Rf3+ 47. Ke5
e3 48. Rxf5 Rxf5+ 49. Kxf5 e2 50. Ke5 e1=Q+ 51. Kxd5 Qe7 52. Kc6 Qd6+ 53. Kb7
Qb6+ 54. Kc8 Kg8 55. d5 Kf8 56. Kd7 Kf7 57. d6 Qxd6+ 58. Kc8 Nb6+ 59. Kb7 Nd5
60. Ka7 Ke7 61. Kb7 Kd7 62. Ka7 Kc8 63. Ka8 Qc6+ 64. Ka7 Qb7# 0-1

[Event "AUTO-ADV-976"]
[Site "http://www.queenalice.com/game.php?id=435092"]
[Date "2008.7.18"]
[Round "1"]
[White "Artking"]
[Black "DSRelva"]
[Result "0-1"]
[WhiteElo "1828"]
[BlackElo "1820"]

1. d4 d5 2. c4 e6 3. Nc3 dxc4 4. e3 a6 5. Bxc4 b5 6. Bd3 Bb4 7. Ne2 Bb7 8. a3
Bd6 9. O-O Nf6 10. e4 O-O 11. Bg5 Nbd7 12. e5 h6 13. Bh4 g5 14. exd6 gxh4 15.
dxc7 Qxc7 16. Rc1 Ng4 17. f4 f5 18. Qd2 Qc6 19. d5 exd5 20. h3 Qc5+ 21. Kh1 Nf2+
22. Kh2 Qb6 23. Bb1 Ne4 24. Nxe4 fxe4 25. f5 Qd6+ 26. Qf4 Qxf4+ 27. Nxf4 Rxf5
28. Ng6 Rxf1 29. Rxf1 d4 30. Ba2+ Kg7 31. Ne7 Rf8 32. Rxf8 Kxf8 33. Nf5 d3 34.
Ne3 d2 35. Kg1 Nf6 36. Kf2 Bd5 37. Bxd5 Nxd5 38. Nd1 e3+ 39. Ke2 Ke7 40. b3 Ke6
41. Kf3 Kf5 42. Nb2 h5 43. Nd1 Ke5 0-1

[Event "AUTO-ADV-976"]
[Site "http://www.queenalice.com/game.php?id=435093"]
[Date "2008.7.18"]
[Round "1"]
[White "DSRelva"]
[Black "Artking"]
[Result "0-1"]
[WhiteElo "1822"]
[BlackElo "1843"]

1. e4 c5 2. Nf3 a6 3. Bc4 Nc6 4. Ng5 Ne5 5. Bb3 c4 6. d4 cxb3 7. dxe5 Qa5+ 8.
Bd2 Qxe5 9. Nc3 bxc2 10. Qxc2 Nf6 11. O-O-O Qc7 12. Qb3 e6 13. Kb1 Be7 14. g3 b5
15. Rc1 Qb8 16. f4 Bb7 17. Rhe1 b4 18. Na4 O-O 19. Nb6 Bxe4+ 20. Rxe4 Nxe4 21.
Nxd7 Nxd2+ 22. Kc2 Nxb3 23. Nxb8 Nd4+ 24. Kd3 Nb3 25. Nc6 Nxc1+ 26. Kc2 Bxg5 27.
fxg5 Rac8 28. Kxc1 Rxc6+ 0-1

[Event "AUTO-ADV-976"]
[Site "http://www.queenalice.com/game.php?id=435106"]
[Date "2008.7.18"]
[Round "1"]
[White "DSRelva"]
[Black "SGF"]
[Result "1-0"]
[WhiteElo "1815"]
[BlackElo "1596"]

1. e4 e5 2. Nf3 Qf6 3. Bc4 Bc5 4. c3 d6 5. d3 Bg4 6. Bg5 Qg6 7. Qa4+ c6 8. Nbd2
b5 9. Bxb5 cxb5 10. Qxb5+ Nd7 11. h3 Bxf3 12. Nxf3 h6 13. Qb7 Rb8 14. Qc7 hxg5
15. b4 g4 16. bxc5 dxc5 17. Nxe5 Qe6 18. Nxd7 Qxd7 19. Qxb8+ Ke7 20. Qe5+ Kf8
21. Qxc5+ Ne7 22. Qe3 Qc7 23. Kd2 gxh3 24. Rxh3 Rxh3 25. Qxh3 Ng6 26. d4 Qf4+
27. Qe3 Qh2 28. g3 Kg8 29. Qf3 Qh6+ 30. Ke2 Ne7 31. Rh1 Qa6+ 32. Ke3 Qxa2 33.
Qh5 f6 34. Qe8# 1-0

[Event "AUTO-ADV-976"]
[Site "http://www.queenalice.com/game.php?id=435107"]
[Date "2008.7.18"]
[Round "1"]
[White "SGF"]
[Black "DSRelva"]
[Result "0-1"]
[WhiteElo "1729"]
[BlackElo "1807"]

1. e4 e5 2. Qf3 d6 3. Bc4 Nf6 4. d3 h6 5. h3 Nc6 6. c3 b6 7. Ne2 Bb7 8. h4 Be7
9. Ng3 g6 10. h5 g5 11. Nf5 Rh7 12. Qh3 g4 13. Qg3 Bc8 14. Nxh6 Bf8 15. Nxf7
Rxf7 16. Bxf7+ Kxf7 17. h6 Be7 18. h7 Qh8 19. Qh4 Be6 20. Bg5 Rf8 21. Bxf6 Bxf6
22. Qh5+ Ke7 23. Nd2 Qg7 24. Qh6 Qxh6 25. Rxh6 Bg7 26. Rg6 Kf7 27. Rg5 Bh6 28.
Rh5 Kg7 29. f3 gxf3 30. Nxf3 Rh8 31. Ng5 Bxg5 32. Rxg5+ Kxh7 33. g4 Rf8 34.
O-O-O Rf6 35. Rh1+ Rh6 36. Rxh6+ Kxh6 37. Rg8 Bxg8 38. Kd2 Be6 39. Ke3 Bxg4 40.
d4 Na5 41. dxe5 dxe5 42. Kd3 c5 43. c4 Kg5 44. b3 Kf4 45. Kc3 Kxe4 46. a3 Be2
47. b4 cxb4+ 48. axb4 Nxc4 49. b5 Kd5 50. Kb4 e4 51. Kc3 e3 52. Kc2 Kd4 53. Kc1
Kd3 54. Kb1 Kd2 55. Ka1 Bd3 56. Ka2 Kc2 57. Ka1 e2 58. Ka2 Kc3 59. Ka1 e1=Q+ 60.
Ka2 Qb1# 0-1

[Event "AUTO-ADV-976"]
[Site "http://www.queenalice.com/game.php?id=435108"]
[Date "2008.7.18"]
[Round "1"]
[White "DSRelva"]
[Black "grazo"]
[Result "1-0"]
[WhiteElo "1836"]
[BlackElo "1836"]

1. e4 e5 2. Nf3 d6 3. Bc4 Be6 4. Bxe6 fxe6 5. O-O Nf6 6. d3 h6 7. Be3 Nc6 8. Nc3
d5 9. a3 d4 10. Bd2 dxc3 11. Bxc3 Bd6 12. Re1 Nd7 13. b4 a6 14. Bb2 Qf6 15. c4
O-O 16. c5 Be7 17. Qd2 Qg6 18. Re3 Rf7 19. Qe2 a5 20. b5 Bxc5 21. bxc6 bxc6 22.
d4 exd4 23. Bxd4 Bxd4 24. Nxd4 e5 25. Rg3 Qd6 26. Nf5 Qc5 27. Nxh6+ Kf8 28. Nxf7
Kxf7 29. Qh5+ Ke6 30. Qf5+ Kd6 31. Rd1+ Qd4 32. Rxd4+ exd4 33. Rg6+ Nf6 34. e5+
Ke7 35. Rxg7+ 1-0

[Event "AUTO-ADV-976"]
[Site "http://www.queenalice.com/game.php?id=435109"]
[Date "2008.7.18"]
[Round "1"]
[White "grazo"]
[Black "DSRelva"]
[Result "0-1"]
[WhiteElo "1818"]
[BlackElo "1852"]

1. e4 e5 2. Nf3 Nc6 3. Bb5 a6 4. Bxc6 dxc6 5. Nxe5 Qg5 6. d4 Qxg2 7. Qf3 Qxf3 8.
Nxf3 f6 9. Bf4 Bg4 10. Nbd2 Rc8 11. h3 Be6 12. c4 Bb4 13. a3 Bxd2+ 14. Nxd2 g5
15. Bg3 b5 16. d5 cxd5 17. exd5 Bf5 18. c5 Rd8 19. d6 cxd6 20. Bxd6 Kf7 21. b4
Re8+ 22. Kd1 Bd7 23. f4 gxf4 24. h4 Bg4+ 25. Kc2 f3 26. Raf1 Re2 27. Re1 Nh6 28.
Rxe2 fxe2 29. Nb3 Re8 30. Bg3 Nf5 31. Bf2 h5 32. Kd2 Rd8+ 33. Kc3 Re8 34. Nc1
Rd8 35. Nd3 Ne7 36. Nf4 Nd5+ 37. Nxd5 Rxd5 38. Ra1 Rd1 39. Ra2 e1=Q+ 40. Bxe1
Rxe1 41. a4 f5 42. axb5 axb5 43. Ra5 f4 44. Rxb5 f3 45. Rb7+ Re7 46. c6 f2 47.
b5 f1=Q 48. Kb4 Rxb7 49. cxb7 Qf4+ 50. Ka5 Qb8 51. Ka6 Bf3 52. Kb6 Qxb7+ 53. Ka5
Be2 54. b6 Qa6+ 55. Kb4 Qxb6+ 0-1

[Event "Challenge"]
[Site "http://www.queenalice.com/game.php?id=444657"]
[Date "2008.8.6"]
[Round "-"]
[White "tuninglou"]
[Black "DSRelva"]
[Result "0-1"]
[WhiteElo "1702"]
[BlackElo "1804"]

1. e4 e5 2. Nf3 Nc6 3. Bb5 a6 4. Bxc6 dxc6 5. d3 Bg4 6. h3 Bh5 7. Nbd2 Bd6 8.
O-O Nf6 9. Nc4 O-O 10. Bg5 b5 11. Ne3 h6 12. Bxf6 Qxf6 13. Nf5 g6 14. Nxh6+ Kg7
15. Ng4 Bxg4 16. hxg4 Rh8 17. g5 Qe6 18. Nh2 Rh5 19. Qd2 Rah8 20. b4 Rxh2 21. f3
Rh1+ 22. Kf2 R1h2 23. Ke1 Qe7 24. a3 Rh1 25. Ke2 R8h2 26. Kf2 Rxf1+ 27. Rxf1 c5
28. c3 cxb4 29. cxb4 c5 30. Rb1 cxb4 31. axb4 Qa7+ 32. Kg3 Rh5 33. f4 exf4+ 34.
Kf3 Rxg5 35. d4 Rg3+ 36. Kf2 f6 37. Rd1 Qb7 38. Re1 Qe7 39. d5 Qa7+ 40. Kf1 f3
41. Qf2 Qxf2+ 42. Kxf2 fxg2 43. Rg1 g5 44. Rxg2 Rb3 45. Ke2 Rb2+ 46. Kf3 Rxg2
47. Kxg2 Bxb4 48. Kf3 a5 49. Kg4 a4 50. Kf5 a3 0-1

[Event "AUTO-OPEN-1127"]
[Site "http://www.queenalice.com/game.php?id=455604"]
[Date "2008.8.29"]
[Round "2"]
[White "trallala"]
[Black "DSRelva"]
[Result "1-0"]
[WhiteElo "1415"]
[BlackElo "1867"]

1. Nc3 e5 2. e4 Bc5 3. f4 Qf6 4. Nf3 Qxf4 5. d4 Qf6 6. dxc5 Nc6 7. Bg5 Qe6 8.
Nd5 Kf8 9. Nxc7 Qg6 10. Nxa8 Qxe4+ 11. Be2 Qb4+ 12. Qd2 Qxb2 13. O-O Qa3 14.
Qd6+ Nge7 15. Nxe5 f6 16. Rxf6+ gxf6 17. Bh6+ Ke8 18. Nc7+ Kd8 19. Nf7# 1-0

[Event "AUTO-OPEN-1127"]
[Site "http://www.queenalice.com/game.php?id=455605"]
[Date "2008.8.29"]
[Round "2"]
[White "DSRelva"]
[Black "trallala"]
[Result "0-1"]
[WhiteElo "1837"]
[BlackElo "1613"]

1. e4 g6 2. d4 Nf6 3. Nc3 d6 4. Bg5 h6 5. Bxf6 exf6 6. Bb5+ c6 7. Bc4 Bg7 8. Qe2
O-O 9. h3 d5 10. Bd3 dxe4 11. Bxe4 f5 12. Qc4 fxe4 13. O-O-O Be6 14. Qb4 b5 15.
Nge2 a5 16. Qc5 Qg5+ 17. Qxg5 hxg5 18. Nxe4 Bxa2 19. b3 a4 20. N4c3 axb3 21. Kb2
bxc2 22. Kxc2 Bc4 23. Ng3 b4 24. Nce4 Nd7 25. Nxg5 Ra2+ 26. Kc1 Rfa8 27. N5e4
Bh6+ 28. Kb1 Ra1+ 29. Kc2 R8a2# 0-1

[Event "AUTO-OPEN-1127"]
[Site "http://www.queenalice.com/game.php?id=455610"]
[Date "2008.8.29"]
[Round "2"]
[White "holandes"]
[Black "DSRelva"]
[Result "1-0"]
[WhiteElo "2006"]
[BlackElo "1812"]

1. e4 e5 2. f4 exf4 3. Nf3 g5 4. h4 g4 5. Ne5 h5 6. Bc4 Nh6 7. d4 Qf6 8. O-O d6
9. Bxf4 Qxh4 10. Nxf7 Nxf7 11. Bxf7+ Kd8 12. Qd2 Bg7 13. Bg5+ 1-0

[Event "AUTO-OPEN-1127"]
[Site "http://www.queenalice.com/game.php?id=455611"]
[Date "2008.8.29"]
[Round "2"]
[White "DSRelva"]
[Black "holandes"]
[Result "0-1"]
[WhiteElo "1782"]
[BlackElo "1986"]

1. e4 e6 2. Nf3 d5 3. exd5 exd5 4. d4 Nc6 5. Bb5 Bd6 6. Bxc6+ bxc6 7. Qe2+ Qe7
8. Qxe7+ Nxe7 9. Be3 Bg4 10. Nbd2 O-O 11. h3 Bf5 12. c3 Rfe8 13. O-O Rab8 14. b4
Ng6 15. a4 Bf4 16. Rfe1 Bxe3 17. Rxe3 Rxe3 18. fxe3 f6 19. a5 Bd3 20. Nb3 Ne7
21. Nc5 Bc4 22. Re1 Re8 23. Ne6 Nf5 24. Nxc7 Rxe3 25. Rxe3 Nxe3 26. Nd2 Bb5 27.
Nxb5 cxb5 28. g4 Kf7 29. Nb1 f5 30. a6 Nc4 31. Kf2 fxg4 32. hxg4 Kg6 33. Kf3 Kg5
34. Kg3 g6 35. Kf3 h6 36. Kg3 h5 37. gxh5 gxh5 38. Kf2 Kg4 39. Ke2 h4 40. Nd2
Nxd2 41. Kxd2 h3 42. c4 bxc4 43. b5 h2 44. b6 h1=Q 45. b7 Qg2+ 46. Kc3 Qg3+ 0-1

[Event "AUTO-ADV-976"]
[Site "http://www.queenalice.com/game.php?id=479442"]
[Date "2008.10.18"]
[Round "2"]
[White "crawfb5"]
[Black "DSRelva"]
[Result "1-0"]
[WhiteElo "2115"]
[BlackElo "1806"]

1. e4 e5 2. Nf3 Nc6 3. Bb5 a6 4. Bxc6 dxc6 5. O-O Bg4 6. h3 Bxf3 7. Qxf3 Nf6 8.
d3 Bc5 9. Bg5 Be7 10. Nd2 h6 11. Be3 b5 12. Qg3 Rg8 13. Qxe5 Qd6 14. Qxd6 cxd6
15. f4 c5 16. Nf3 Kd7 17. c3 a5 18. Nd2 a4 19. d4 g5 20. fxg5 hxg5 21. g4 cxd4
22. Bxd4 Rg6 23. Rf5 Kc6 24. Raf1 Kd7 25. Bxf6 Rf8 26. Bxe7 Kxe7 27. Rxb5 Rh6
28. Kg2 Rfh8 29. Rb7+ Ke6 30. Rfxf7 Rxh3 31. Rbe7# 1-0

[Event "AUTO-ADV-976"]
[Site "http://www.queenalice.com/game.php?id=479443"]
[Date "2008.10.18"]
[Round "2"]
[White "DSRelva"]
[Black "crawfb5"]
[Result "0-1"]
[WhiteElo "1810"]
[BlackElo "2106"]

1. e4 c6 2. d4 d5 3. Nc3 dxe4 4. Nxe4 Bf5 5. Nc5 b6 6. Nb3 e6 7. Be3 Nf6 8. Nf3
Be7 9. Bd3 Bxd3 10. Qxd3 Nbd7 11. O-O O-O 12. c4 Qc7 13. c5 Nd5 14. Rfc1 Nxe3
15. Qxe3 Nf6 16. cxb6 axb6 17. Rc2 Rac8 18. Rac1 Qb7 19. Ne5 Nd5 20. Qf3 c5 21.
dxc5 bxc5 22. Nxc5 Bxc5 23. Rxc5 Rxc5 24. Rxc5 Qxb2 25. Qb3 Qa1+ 26. Qb1 Qxb1+
27. Rc1 Qxc1# 0-1

[Event "AUTO-ADV-976"]
[Site "http://www.queenalice.com/game.php?id=479446"]
[Date "2008.10.18"]
[Round "2"]
[White "Alexandrovinsk"]
[Black "DSRelva"]
[Result "1-0"]
[WhiteElo "2089"]
[BlackElo "1802"]

1. e4 e5 2. Nf3 Nc6 3. Bc4 h6 4. d4 exd4 5. c3 dxc3 6. O-O cxb2 7. Bxb2 Nf6 8.
e5 Ng4 9. h3 Ngxe5 10. Nxe5 Nxe5 11. Bxe5 d6 12. Bb2 Qh4 13. Qe2+ Qe7 14. Qd2
Be6 15. Re1 Qd7 16. Qa5 Be7 17. Bxe6 fxe6 18. Qh5+ Kd8 19. Bxg7 Rh7 20. Qg6 Rxg7
21. Qxg7 Bg5 22. Qf8+ Qe8 23. Qxe8+ Kxe8 24. Na3 Kd7 25. g3 e5 26. h4 Be7 27.
Rad1 a5 28. Rxe5 b6 29. Nc4 Bf6 30. Rf5 Ke6 31. Rf3 Rg8 32. Kh2 Rf8 33. Kh3 Rf7
34. Ne3 Rg7 35. Ng4 Rg6 36. Rxf6+ Rxf6 37. Nxf6 Kxf6 38. Rc1 c5 39. Rb1 c4 40.
Rxb6 Ke5 41. Rc6 Kd5 42. Rc8 Kd4 43. g4 c3 44. g5 hxg5 45. hxg5 Kd3 46. g6 c2
47. g7 d5 48. g8=Q d4 49. Qb3+ 1-0

[Event "AUTO-ADV-976"]
[Site "http://www.queenalice.com/game.php?id=479447"]
[Date "2008.10.18"]
[Round "2"]
[White "DSRelva"]
[Black "Alexandrovinsk"]
[Result "0-1"]
[WhiteElo "1816"]
[BlackElo "2057"]

1. e4 c5 2. Nf3 d6 3. Bc4 Nf6 4. Ng5 e6 5. d3 Be7 6. Nf3 Nc6 7. Bb5 Qc7 8. Bxc6+
Qxc6 9. Nbd2 O-O 10. b3 b5 11. O-O Bb7 12. Re1 Nd7 13. Bb2 e5 14. d4 cxd4 15.
Rc1 f5 16. exf5 Rxf5 17. c3 d3 18. c4 b4 19. Re3 Nc5 20. Ne1 Raf8 21. f3 Bg5 22.
f4 Bxf4 23. Rf3 e4 24. Rh3 Bxd2 25. g3 Rf1+ 26. Kg2 R8f2# 0-1

[Event "AUTO-ADV-976"]
[Site "http://www.queenalice.com/game.php?id=479448"]
[Date "2008.10.18"]
[Round "2"]
[White "stoyan1"]
[Black "DSRelva"]
[Result "1-0"]
[WhiteElo "1845"]
[BlackElo "1794"]

1. e4 e5 2. Nf3 Nc6 3. Bc4 a6 4. d3 h6 5. Nc3 Bb4 6. Bd2 d6 7. Nd5 Bxd2+ 8. Qxd2
b5 9. Bb3 Be6 10. Ne3 Bxb3 11. axb3 Nf6 12. c4 O-O 13. cxb5 axb5 14. Rxa8 Qxa8
15. O-O Qa2 16. Rc1 Qa6 17. Nd5 Nxd5 18. exd5 Ne7 19. Rxc7 Nxd5 20. Rc1 Nf6 21.
b4 Nd5 22. d4 e4 23. Ne1 f5 24. Nc2 g5 25. Ne3 Nxe3 26. fxe3 d5 27. b3 f4 28.
Rf1 fxe3 29. Rxf8+ Kxf8 30. Qxe3 Qa1+ 31. Kf2 Qb2+ 32. Kg3 Kg7 33. h3 Qc2 34.
Kh2 Qb2 35. Kg3 Kg6 36. Kh2 Kf5 37. h4 Qa3 38. Qh3+ g4 39. Qe3 Kg6 40. Qc3 Qa8
41. Qc5 Qb8+ 42. g3 Qb7 43. Qd6+ Kh7 44. Qe6 h5 45. Qf5+ Kg8 46. Qxh5 Qd7 47.
Qg6+ Qg7 48. Qe6+ Qf7 49. Qxg4+ Kf8 50. Qf4 Qxf4 51. gxf4 Kg7 52. Kg3 Kf6 53.
Kg4 Kg6 54. f5+ Kf6 55. Kf4 Kg7 56. h5 Kh6 57. f6 Kh7 58. Ke3 Kh6 59. Kf4 Kh7
60. Kg4 Kg8 61. h6 e3 62. Kf3 1-0

[Event "AUTO-ADV-976"]
[Site "http://www.queenalice.com/game.php?id=479449"]
[Date "2008.10.18"]
[Round "2"]
[White "DSRelva"]
[Black "stoyan1"]
[Result "0-1"]
[WhiteElo "1797"]
[BlackElo "1819"]

1. e4 e5 2. Nf3 Nc6 3. Bb5 Nge7 4. Bxc6 Nxc6 5. c3 d5 6. exd5 Qxd5 7. O-O Bg4 8.
Re1 f6 9. d4 Bxf3 10. Qxf3 Qxf3 11. gxf3 O-O-O 12. dxe5 fxe5 13. Be3 h5 14. Bg5
Rd6 15. f4 Rg6 16. Kf1 Be7 17. Bxe7 Nxe7 18. fxe5 Nc6 19. Nd2 Re8 20. f4 Rf8 21.
Re4 Rg4 22. Nf3 Rgxf4 23. Re3 Rxf3+ 24. Rxf3 Rxf3+ 25. Kg2 Nxe5 26. Re1 Rf5 27.
Kh3 g5 28. Kg3 h4+ 29. Kg2 Nd3 30. Re8+ Kd7 31. Re4 Nxb2 32. Rb4 Rc5 33. Rd4+
Kc6 34. Rd2 Na4 35. Rc2 Rxc3 36. Rxc3+ Nxc3 37. Kf3 Nxa2 38. Kg4 b5 39. Kxg5 b4
0-1

[Event "AUTO-OPEN-1169"]
[Site "http://www.queenalice.com/game.php?id=518396"]
[Date "2009.1.7"]
[Round "2"]
[White "Matuto_do_Vale"]
[Black "DSRelva"]
[Result "0-1"]
[WhiteElo "1672"]
[BlackElo "1782"]

1. b3 e5 2. Bb2 d6 3. e3 Nc6 4. Bb5 Ne7 5. f4 Bd7 6. Nf3 a6 7. Bxc6 Bxc6 8. fxe5
dxe5 9. Nxe5 Bxg2 10. Rg1 Qd5 11. Qe2 Be4 12. d3 Bg6 13. e4 Qa5+ 14. Bc3 Qc5 15.
d4 Qd6 16. Nd2 f6 17. Nxg6 Nxg6 18. e5 Qe7 19. O-O-O Nf4 20. Qe4 g5 21. exf6
Qxe4 22. Nxe4 Ne2+ 23. Kb2 Nxg1 24. Rxg1 h6 25. d5 Rh7 26. Be5 O-O-O 27. c4 Re8
28. Nxg5 hxg5 29. Rxg5 Bh6 30. Rh5 Bc1+ 31. Kxc1 Rxh5 32. Bg3 Rh6 33. f7 Rf8 34.
Bf4 Rh3 35. d6 cxd6 36. Bxd6 Rxf7 37. c5 Rf2 38. a4 Re3 39. h4 Re1# 0-1

[Event "AUTO-OPEN-1169"]
[Site "http://www.queenalice.com/game.php?id=518397"]
[Date "2009.1.7"]
[Round "2"]
[White "DSRelva"]
[Black "Matuto_do_Vale"]
[Result "1-0"]
[WhiteElo "1774"]
[BlackElo "1574"]

1. e4 c5 2. Nf3 d6 3. Bc4 h6 4. c3 a6 5. d4 b5 6. Bd5 Ra7 7. Bb3 c4 8. Bc2 Bg4
9. Be3 Rd7 10. Nbd2 e5 11. Qe2 Be7 12. h3 Bxf3 13. Nxf3 Nc6 14. O-O Nf6 15. a4
O-O 16. d5 Na5 17. Ra3 Nh5 18. axb5 axb5 19. Rfa1 Nb7 20. Ra8 Qc7 21. Nh2 Nf4
22. Qg4 Bg5 23. Rxf8+ Kxf8 24. Bxf4 exf4 25. Nf3 Bd8 26. Qxf4 g5 27. Qf5 f6 28.
Ra8 Kg7 29. Nd4 Nc5 30. Ne6+ Nxe6 31. dxe6 Re7 32. Bd1 Qb6 33. Bh5 Kf8 34. Qxf6+
1-0

[Event "AUTO-OPEN-1169"]
[Site "http://www.queenalice.com/game.php?id=547157"]
[Date "2009.2.26"]
[Round "3"]
[White "brigador"]
[Black "DSRelva"]
[Result "1-0"]
[WhiteElo "1822"]
[BlackElo "1780"]

1. e4 e5 2. Nf3 Nc6 3. d4 Nxd4 4. Nxd4 exd4 5. Qxd4 d6 6. Bc4 c5 7. Qd5 Qe7 8.
Nc3 Be6 9. Qd3 Bxc4 10. Qxc4 f5 11. O-O fxe4 12. Re1 Nf6 13. Nxe4 O-O-O 14. Qe2
Nxe4 15. Qxe4 Qxe4 16. Rxe4 d5 17. Re1 Bd6 18. c3 h6 19. Be3 g5 20. Rad1 Bf8 21.
f4 gxf4 22. Bxf4 Rd7 23. Re8+ Rd8 24. Rxd8+ Kxd8 25. Rxd5+ Kc8 26. Be3 b6 27.
Re5 Kb7 28. Re8 h5 29. Bg5 c4 30. Be7 Bg7 31. Rxh8 Bxh8 32. Kf2 Kc6 33. Bg5 Kd5
34. Kf3 Be5 35. Bf4 b5 36. Bxe5 Kxe5 37. g4 hxg4+ 38. Kxg4 Kf6 39. Kf4 a5 40.
Ke4 Ke6 41. Kd4 1-0

[Event "AUTO-OPEN-1169"]
[Site "http://www.queenalice.com/game.php?id=547158"]
[Date "2009.2.26"]
[Round "3"]
[White "DSRelva"]
[Black "brigador"]
[Result "0-1"]
[WhiteElo "1780"]
[BlackElo "1807"]

1. e4 c5 2. Nf3 d6 3. Bc4 Nf6 4. d3 a6 5. Ng5 e6 6. Qe2 Be7 7. Nc3 Nc6 8. Be3 b5
9. Bb3 Na5 10. O-O Nxb3 11. axb3 Bb7 12. f3 e5 13. Nb1 b4 14. c3 O-O 15. Nd2 d5
16. Qf2 d4 17. cxd4 cxd4 18. Bf4 exf4 19. Qh4 h6 20. Nh3 Nxe4 21. Qxf4 Nxd2 22.
Qxd2 Bd5 23. Qd1 Qd6 24. Re1 Rac8 25. Qd2 Bxb3 26. Re4 f5 27. Re2 Rc2 28. Qe1
Rxe2 29. Qxe2 Rc8 30. Re1 Bh4 31. g3 Bxg3 32. Qe7 Bxh2+ 33. Kf1 Qg3 34. Nf2 Qg1+
35. Ke2 Rc2+ 36. Kd1 Rc7+ 0-1